000 004760000a22001810004500
003 MACL
005 20151027150217.0
008 151027b xxu||||| |||| 00| 0 eng d
040 _aMACL
_cMACL
041 _aEnglish
082 _a320/AMB
100 _aAmbedkar, B R
_916989
245 _aWhat Congress and Gandhi Have Done to The Untouchables
260 _bGoutam Book Centre
_c2009
_aDelhi
350 _a800
650 _aPolitical Science
_988
942 _cBK
_k320/AMB
_2ddc
999 _c44879
_d44879